Enciclopedia general básica / (Registro nro. 8247)

Detalles MARC
000 -LIDER
fixed length control field 01376nam a2200361 b 4500
001 - NÚMERO DE CONTROL
Identificador de número de control 45146
003 - IDENTIFICACDOR DE NÚMERO DE CONTROL
control field DO-SdBPM
005 - DATE AND TIME OF LATEST TRANSACTION
control field 20250530113953.0
007 - CAMPOS FIJOS DE DESCRIPCIÓN FÍSICA
fixed length control field 45146
008 - ELEMENTOS DE LONGITUD FIJA
fixed length control field 970627s2012 sp a | || ||spa
020 ## - ISBN
International Standard Book Number 9789962040279 (Obra completa)
020 ## - ISBN
International Standard Book Number 9789962040286 (v. 1)
020 ## - ISBN
International Standard Book Number 9789962040293 (v. 2)
020 ## - ISBN
International Standard Book Number 9789962040309 (v. 3)
020 ## - ISBN
International Standard Book Number 9789962040316 (v. 4)
040 ## - FUENTE DE CATALOGACIÓN
Agencia que crea de manera original el registro DO-SdBPM
Idioma de catalogación spa
Agencia que realiza la transcripción BPMSU
082 #4 - NÚMERO DE CLASIFICACIÓN DECIMAL DE DEWEY
Classification number R036
Item number E562g 2012
Edition number 22
245 00 - MENCIÓN DE TITULO
Título Enciclopedia general básica /
Mención de responsabilidad Francisco Domingo ... [et al.] ; dirección editorial Sacramento Nieto.
260 ## - PUBLICACIÓN, DISTRIBUCIÓN, ETC. (PIE DE IMPRENTA)
Lugar de publicación, distribución, etc Barcelona :
Nombre del editor, distribuidor, etc. Lexus,
Fecha de publicación, distribución, etc 2012.
300 ## - DESCRIPCIÓN FÍSICA
Extensión v. :
Otros detalles físicos il. ;
Dimensiones 29 cm.
505 0# - NOTA DE CONTENIDO
Información miscelánea v. 1 :
Título Los seres vivos. Las plantas. Los animales. Nuestro cuerpo . Los deportes. Educación cívica --
505 0# - NOTA DE CONTENIDO
Información miscelánea v. 2 :
Título El planeta tierra. Conservación de la naturaleza. La historia del hombre. Aprender el español. --
505 0# - NOTA DE CONTENIDO
Información miscelánea v. 3 :
Título Aritmética --
-- Iniciación al álgebra --
-- Geometría --
-- Computación --
-- Física --
505 0# - NOTA DE CONTENIDO
Información miscelánea v. 4 :
Título Química. Tierras y pueblos. --
590 ## - NOTA LOCAL
Texto de la nota local Inventariado, 2025/VM
650 #4 - ENCABEZAMIENTO DE MATERIA--TEMÁTICO
Término temático o nombre geográfico como elemento de entrada Enciclopedia y diccionarios españoles
700 1# - ASIENTO SECUNDARIO -- NOMBRE PERSONAL
Nombre personal Domingo, Francisco.
700 1# - ASIENTO SECUNDARIO -- NOMBRE PERSONAL
Nombre personal Nieto, Sacramento,
Mención de responsabilidad editor
710 2# - ASIENTO SECUNDARIO -- NOMBRE CORPORATIVO
Nombre corporativo o de jurisdicción Lexus
910 ## - VALIDACIÓN
Validación VMateo V. Control de calidad. BPMSU
942 ## - ADDED ENTRY ELEMENTS (KOHA)
Source of classification or shelving scheme Dewey Decimal Classification
Koha item type Libros
980 ## - EQUIVALENCE OR CROSS-REFERENCE-SERIES STATEMENT--PERSONAL NAME/TITLE [LOCAL, CANADA]
Personal name
--
Existencias
Withdrawn status Lost status Source of classification or shelving scheme Damaged status Not for loan Collection code Home library Current library Date acquired Source of acquisition Cost, normal purchase price Total Checkouts Full call number Barcode Date last seen Copy number Price effective from Koha item type
    Dewey Decimal Classification     Colección de Referencia General Biblioteca Pública Metropolitana Salomé Ureña Biblioteca Pública Metropolitana Salomé Ureña 09/09/2015 COMPRA 5460.00   BPMSU CGR R036 E56g 2012 BPMSU15090013 09/09/2015 v.1 09/09/2015 Libros
    Dewey Decimal Classification     Colección de Referencia General Biblioteca Pública Metropolitana Salomé Ureña Biblioteca Pública Metropolitana Salomé Ureña 09/09/2015 COMPRA 5460.00   BPMSU CGR R036 E56g 2012 BPMSU15090014 09/09/2015 v.1 e.2 09/09/2015 Libros
    Dewey Decimal Classification     Colección de Referencia General Biblioteca Pública Metropolitana Salomé Ureña Biblioteca Pública Metropolitana Salomé Ureña 09/09/2015 COMPRA 5460.00   BPMSU CGR R036 E56g 2012 BPMSU15090015 09/09/2015 v.1 e.3 09/09/2015 Libros
    Dewey Decimal Classification     Colección de Referencia General Biblioteca Pública Metropolitana Salomé Ureña Biblioteca Pública Metropolitana Salomé Ureña 09/09/2015 COMPRA 5460.00   BPMSU CGR R036 E56g 2012 BPMSU15090016 09/09/2015 v.2 09/09/2015 Libros
    Dewey Decimal Classification     Colección General Biblioteca Pública Metropolitana Salomé Ureña Biblioteca Pública Metropolitana Salomé Ureña 09/09/2015 COMPRA 5460.00   BPMSU CGR R036 E56g 2012 BPMSU5090017 09/09/2015 v. 2 e.2 09/09/2015 Libros
    Dewey Decimal Classification     Colección de Referencia General Biblioteca Pública Metropolitana Salomé Ureña Biblioteca Pública Metropolitana Salomé Ureña 09/09/2015 COMPRA 5460.00   BPMSU CGR R036 E56g 2012 BPMSU15090018 09/09/2015 v.2 e.3 09/09/2015 Libros
    Dewey Decimal Classification     Colección General Biblioteca Pública Metropolitana Salomé Ureña Biblioteca Pública Metropolitana Salomé Ureña 09/09/2015 COMPRA 5460.00   BPMSU CGR R036 E56g 2012 BPMSU15090019 09/09/2015 v.3 09/09/2015 Libros
    Dewey Decimal Classification     Colección de Referencia General Biblioteca Pública Metropolitana Salomé Ureña Biblioteca Pública Metropolitana Salomé Ureña 09/09/2015 COMPRA 5460.00   BPMSU CGR R036 E56g 2012 BPMSU15090020 09/09/2015 v. 3, e.2 09/09/2015 Libros
    Dewey Decimal Classification     Colección de Referencia General Biblioteca Pública Metropolitana Salomé Ureña Biblioteca Pública Metropolitana Salomé Ureña 10/19/2016 COMPRA 5460.00   BPMSU CGR R036 E56g 2012 BPMSU16100243 10/19/2016 v.3 e.3 10/19/2016 Libros
    Dewey Decimal Classification     Colección de Referencia General Biblioteca Pública Metropolitana Salomé Ureña Biblioteca Pública Metropolitana Salomé Ureña 10/19/2016 COMPRA 5460.00   BPMSU CGR R036 E56g 2012 BPMSU16100244 10/19/2016 v.4 10/19/2016 Libros
    Dewey Decimal Classification     Colección de Referencia General Biblioteca Pública Metropolitana Salomé Ureña Biblioteca Pública Metropolitana Salomé Ureña 10/19/2016 COMPRA 5460.00   BPMSU CGR R036 E56g 2012 BPMSU16100245 10/19/2016 v.4, e. 2 10/19/2016 Libros
    Dewey Decimal Classification     Colección de Referencia General Biblioteca Pública Metropolitana Salomé Ureña Biblioteca Pública Metropolitana Salomé Ureña 10/19/2016 COMPRA 5460.00   BPMSU CGR R036 E56g 2012 BPMSU16100246 10/19/2016 v. 4 e.3 10/19/2016 Libros